Nazionali mai qualificate per gli Europei - Morte improvvisa - Statistics

Statistiche generali
  • Questo quiz è stato fatto 215 volte
  • Il punteggio medio è 9 su 19
Answers on the Grid
Answers color-coded by a green-red scale on the quiz's grid according to % correct below.
Andorra
Armenia
Azerbaigian
Bielorussia
Bosnia ed Erzegovina
CIpro
Estonia
Fær Øer
Gibilterra
Israele
Kazakistan
Kosovo
Liechtenstein
Lituania
Lussemburgo
Malta
Moldavia
Montenegro
San Marino
Norvegia
Lettonia
Macedonia del Nord
Finlandia
Irlanda del Nord
Georgia
Islanda
Bulgaria
Albania
Slovenia
Galles
 
Statistiche sulle risposte
Risposta % Corretto
Fær Øer
73%
San Marino
73%
Gibilterra
66%
Liechtenstein
66%
Malta
66%
CIpro
62%
Andorra
60%
Kazakistan
55%
Kosovo
55%
Lussemburgo
52%
Azerbaigian
51%
Moldavia
43%
Armenia
40%
Bielorussia
39%
Estonia
33%
Israele
30%
Lituania
29%
Montenegro
23%
Bosnia ed Erzegovina
16%
Nessun quiz corrispondente trovato
Distribuzione punteggi
Percentuale di utenti per punteggio
Percentile per numero di risposta
I tuoi punteggi nel tempo
Non hai fatto questo quiz